Most Appearances in the Champions League -- A to Z - Statistics

General Stats
  • This quiz has been taken 45 times
  • The average score is 55 of 81
Answer Stats
Letter Apps. Nat. Main Team(s) Years Answer % Correct
B 152 🇫🇷 Real Madrid, Olympique Lyon 2004-2023 Karim Benzema
100%
R 183 🇵🇹 Real Madrid, Manchester United 2003-2022 Cristiano Ronaldo
97%
I 130 🇪🇸 Barcelona 2002-2018 Andrés Iniesta
94%
M 163 🇦🇷 Barcelona, Paris Saint-Germain 2004-2023 Lionel Messi
94%
G 116 🇫🇷 Atletico Madrid, Barcelona 2013- Antoine Griezmann
91%
M 142 🇭🇷 Real Madrid, Tottenham Hotspur 2010-2025 Luka Modrić
91%
X 151 🇪🇸 Barcelona 1997-2015 Xavi
91%
D 116 🇦🇷 Paris Saint-Germain, Real Madrid 2007-2025 Ángel Di María
88%
B 124 🇮🇹 Juventus, Parma 1997-2021 Gianluigi Buffon
88%
F 103 🇵🇹 Real Madrid, Barcelona 1997-2009 Luís Figo
88%
N 157 🇩🇪 Bayern Munich, Schalke 04 2007- Manuel Neuer
88%
L 112 🇩🇪 Bayern Munich, Vfb Stuttgart 2002-2017 Philipp Lahm
88%
H 112 🇫🇷 Arsenal, Barcelona 1997-2012 Thierry Henry
88%
K 151 🇩🇪 Real Madrid, Bayern Munich 2008-2024 Toni Kroos
88%
D 92 🇨🇮 Chelsea, Galatasaray 2003-2015 Didier Drogba
84%
L 105 🏴󠁧󠁢󠁥󠁮󠁧󠁿 Chelsea, Manchester City 2003-2015 Frank Lampard
84%
L 142 🇵🇱 Bayern Munich, Barcelona 2011- Robert Lewandowski
84%
G 145 🏴󠁧󠁢󠁷󠁬󠁳󠁿 Manchester United 1993-2014 Ryan Giggs
84%
A 125 🇦🇹 Bayern Munich, Real Madrid 2009- David Alaba
81%
J 62 🇳🇱 Barcelona, Ajax Amsterdam 2018- Frenkie de Jong
81%
G 115 🇩🇪 Manchester City, Borussia Dortmund 2011- İlkay Gündoğan
81%
O 104 🇸🇰 Atletico Madrid 2014- Jan Oblak
81%
K 105 🇩🇪 Bayern Munich 2015- Joshua Kimmich
81%
K 114 🇪🇸 Atletico Madrid 2013- Koke
81%
P 120 🇵🇹 Real Madrid, FC Porto 2004-2024 Pepe
81%
C 111 🇨🇿 Chelsea, Sparta Prague 2001-2016 Petr Cech
81%
E 78 🇨🇲 Barcelona, Inter Milan 1999-2014 Samuel Eto'o
81%
B 129 🇪🇸 Barcelona 2008-2023 Sergio Busquets
81%
R 142 🇪🇸 Real Madrid, Paris Saint-Germain 2005-2024 Sergio Ramos
81%
A 119 🇪🇸 Real Madrid, Liverpool 2003-2017 Xabi Alonso
81%
I 124 🇸🇪 Paris Saint-Germain, AC Milan 2002-2022 Zlatan Ibrahimović
81%
P 128 🇪🇸 Barcelona 2004-2023 Gerard Piqué
78%
E 108 🇫🇷 Manchester United, Juventus 2003-2017 Patrice Evra
78%
M 163 🇩🇪 Bayern Munich 2008-2025 Thomas Müller
78%
Z 80 🇫🇷 Real Madrid, Juventus 1996-2006 Zinédine Zidane
78%
P 115 🇪🇸 Barcelona 1997-2014 Carles Puyol
75%
F 103 🇧🇷 Manchester City, Shakhtar Donetsk 2006-2022 Fernandinho
75%
T 79 🇪🇸 Atletico Madrid, Chelsea 2007-2018 Fernando Torres
75%
C 177 🇪🇸 Real Madrid, FC Porto 1999-2019 Iker Casillas
75%
T 109 🏴󠁧󠁢󠁥󠁮󠁧󠁿 Chelsea 2003-2016 John Terry
75%
H 90 🇩🇪 Borussia Dortmund, Bayern Munich 2011-2024 Mats Hummels
75%
D 89 🇮🇹 Juventus 1995-2010 Alessandro Del Piero
72%
V 83 🇨🇱 Bayern Munich, Juventus 2012-2022 Arturo Vidal
72%
F 104 🇪🇸 Arsenal, Barcelona 2004-2018 Cesc Fàbregas
72%
S 125 🇳🇱 AC Milan, Real Madrid 1994-2012 Clarence Seedorf
72%
A 111 🇧🇷 Barcelona, Juventus 2007-2019 Dani Alves
72%
U 64 🇫🇷 Bayern Munich, RB Leipzig 2017- Dayot Upamecano
72%
E 86 🇧🇷 Manchester City, Benfica 2015-2025 Ederson
72%
J 55 🇧🇷 Manchester City, Arsenal 2017- Gabriel Jesus
72%
Q 60 🇵🇹 FC Porto, Besiktas 2004-2018 Ricardo Quaresma
72%
S 105 🇧🇷 Paris Saint-Germain, Chelsea 2009-2023 Thiago Silva
72%
X 32 🇨🇭 Bayer Leverkusen, FC Basel 2010-2025 Granit Xhaka
69%
O 102 🇦🇷 Benfica, Manchester City 2011- Nicolás Otamendi
69%
X 26 🇦🇱 FC Basel 2010-2018 Taulant Xhaka
69%
J 59 🇧🇷 Olympique Lyon 2001-2009 Juninho Pernambucano
66%
V 92 🇫🇷 Real Madrid, Manchester United 2011-2024 Raphaël Varane
66%
R 142 🇪🇸 Real Madrid, Schalke 04 1995-2011 Raúl
66%
V 106 🇪🇸 Barcelona 2002-2014 Víctor Valdés
66%
N 99 🇮🇹 AC Milan, Lazio 1999-2012 Alessandro Nesta
63%
Z 97 🇦🇷 Inter Milan 1998-2012 Javier Zanetti
63%
C 120 🇧🇷 Real Madrid, Fenerbahce 1997-2009 Roberto Carlos
63%
W 85 🇧🇪 Borussia Dortmund, Atletico Madrid 2009-2025 Axel Witsel
59%
I 81 🇮🇹 AC Milan, Juventus 1997-2011 Filippo Inzaghi
59%
S 124 🏴󠁧󠁢󠁥󠁮󠁧󠁿 Manchester United 1994-2013 Paul Scholes
59%
N 110 🏴󠁧󠁢󠁥󠁮󠁧󠁿 Manchester United 1993-2011 Gary Neville
56%
Y 36 🇹🇹 Manchester United 1998-2002 Dwight Yorke
50%
Z 71 🇮🇹 Juventus, Barcelona 2001-2012 Gianluca Zambrotta
50%
W 71 🇧🇷 Chelsea, Shakhtar Donetsk 2007-2020 Willian
50%
Q 15 🏴󠁧󠁢󠁥󠁮󠁧󠁿 Bayer Leverkusen, Liverpool 2024- Jarell Quansah
47%
Y 40 🇹🇷 Galatasaray, Lille 2007-2022 Burak Yılmaz
41%
O 71 🇮🇪 Manchester United 2001-2011 John O'Shea
41%
Y 33 🏴󠁧󠁢󠁥󠁮󠁧󠁿 Manchester United, Inter Milan 2011-2021 Ashley Young
34%
H 87 🇪🇸 Real Madrid, Valencia 1999-2008 Iván Helguera
28%
W 76 🇫🇷 Arsenal, Olympique Lyon 1999-2007 Sylvain Wiltord
28%
Q 15 🇵🇹 Sporting Lisbon 2024- Geovany Quenda
25%
T 78 🇮🇹 Juventus, Villarreal 1995-2006 Alessio Tacchinardi
19%
U 29 🇯🇵 Schalke 04 2010-2015 Atsuto Uchida
19%
I 81 🇷🇺 CSKA Moscow, Lokomotiv Moscow 2001-2018 Sergey Ignashevich
19%
U 29 🇦🇹 RB Leipzig 2019-2024 Andreas Ulmer
16%
Q 16 🇵🇹 Benfica, Sporting Braga 2005-2013 Quim
13%
U 37 🇹🇷 Galatasaray 1994-2004 Hakan Ünsal
9%
No matching quizzes found
Score Distribution
Percent of People with Each Score
Percentile by Number Answered
Your Score History
You have not taken this quiz